| 000 | 02051nam a2200445 c 4500 | ||
|---|---|---|---|
| 999 |
_c48926 _d48926 |
||
| 001 | 48926 | ||
| 003 | ES-MaCES | ||
| 005 | 20190826135632.0 | ||
| 008 | 170222s2016 sp y 000 | spa d | ||
| 017 |
_aM 42473-2016 _bDL |
||
| 040 |
_aES-MaCES _bspa _cES-MaCES |
||
| 245 | 0 | 0 |
_aAnuario internacional 2016 sobre prevención de riesgos psicosociales y calidad de vida en el trabajo _b: nuevas tecnologías de la información y de la comunicación y riesgos psicosociales en el trabajo _c[dir., Ana García de la Torre ; coord., José Antonio Fernández Avilés ; autores, De las Heras García Aránzazu ... et al] |
| 260 |
_a[Madrid] _bSecretaría de Salud Laboral y Medio Ambiente UGT-CEC _c[2016] |
||
| 300 |
_a401 p. dup. _bgráf. col. _c22 x 22 cm |
||
| 500 | _aEn la cub.: Observatorio de Riesgos Psicosociales UGT ; Fundación para la Prevención de Riesgos Laborales | ||
| 504 | _aBibliografía | ||
| 541 | _cGratuito | ||
| 650 | 4 |
_atecnología de la información _930104 |
|
| 650 | 4 |
_anuevas tecnologías _930788 |
|
| 650 | 4 |
_ateletrabajo _929568 |
|
| 650 | 4 |
_atensión psicológica _928344 |
|
| 650 | 4 |
_aestrés _931076 |
|
| 650 | 4 |
_acalidad de la vida de trabajo _930024 |
|
| 650 | 4 |
_aseguridad en el trabajo _928348 |
|
| 650 | 4 |
_asalud en el trabajo _928347 |
|
| 650 | 4 |
_aEspaña _926964 |
|
| 650 | 4 |
_ainternacional _926674 |
|
| 650 | 4 |
_aanuario _928963 |
|
| 650 | 4 |
_a2016 _932000 |
|
| 650 | 4 |
_arepertorio de recomendaciones prácticas _929261 |
|
| 653 | 1 | 0 | _aSalud |
| 700 | 1 |
_aGarcía de la Torre, Ana _edir. _937807 |
|
| 700 | 1 |
_aFernández Avilés, José Antonio _911772 _ecol. |
|
| 700 | 1 |
_aHeras García, Aránzazu de las _937458 |
|
| 710 | 2 |
_aUnión General de Trabajadores de España _bSecretaría de Salud Laboral y Medio Ambiente _eed. _936419 |
|
| 710 | 2 |
_aFundación Estatal para la Prevención de Riesgos Laborales _93881 |
|
| 787 | 0 |
_tAnuario internacional 2015 sobre prevención de riesgos psicosociales y calidad de vida en el trabajo _w(ES-MaCES)47174 |
|
| 902 | _aLIB Libro | ||
| 942 |
_2CES _cBK _h3.1. |
||